Представление документа в формате MARC21

Поле Инд. ПП Название Значение
Тип записи a
Библиографический уровень b
001 Контрольный номер RU/IS/BASE/264553966
005 Дата корректировки 20200630211037.9
008 Кодируемые данные 19970522
084 a Индекс другой классификации/Индекс ББК 63.3(2)53-5
097 00 a 750
100 10 a Автор Плеханов Г. В.
q Полное имя Плеханов Георгий Валентинович
245 11 a Заглавие "Мой взгляд был изложен неудовлетворительно"
b Продолж. заглавия Письмо Г. В. Плеханова в редакцию газеты "Русское слово". 1909 г.
c Ответственность Публикация и предисловие М. В. Прониной
504 00 a Библиография Примеч.: с. 215
600 a Персоналии Азеф Евно Фишелевич
a Персоналии Плеханов Георгий Валентинович
650 a Основная рубрика история
653 00 a Ключевые слова XX век
a Ключевые слова Партия социалистов-революционеров (ПСР)
a Ключевые слова политические партии
a Ключевые слова провокаторство
a Ключевые слова Россия
a Ключевые слова террор
700 10 a Автор Пронина М. В.
e Роль лиц автор публикации; автор предисловия
773 00 t Заглавие источника Исторический архив
d Дата издания источника 1996
g Прочая информация № 2. - С. 212 - 215
w Контрольный № источника RU/IS/BASE/142005402
901 t Тип документа b